Beyond The Last Blue Mountain : (Record no. 677)

000 -LEADER
fixed length control field 00604nam a2200217 a 4500
008 - FIXED-LENGTH DATA ELEMENTS--GENERAL INFORMATION
fixed length control field 191010s1993 ii o|||g |||| 00| 0 eng d
020 ## - INTERNATIONAL STANDARD BOOK NUMBER
International Standard Book Number 9780140169010
Terms of availability Rs. 399.00
040 ## - CATALOGING SOURCE
Original cataloging agency IMU Kochi Library
Language of cataloging eng
041 0# - LANGUAGE CODE
Language code of text/sound track or separate title eng
044 ## - COUNTRY OF PUBLISHING/PRODUCING ENTITY CODE
MARC country code India
082 04 - DEWEY DECIMAL CLASSIFICATION NUMBER
Edition number 23
Classification number 923.3
Item number L15
100 1# - MAIN ENTRY--PERSONAL NAME
Personal name Lala, R. M.
245 10 - TITLE STATEMENT
Title Beyond The Last Blue Mountain :
Sub Title A Life of J. R. D. Tata /
260 ## - PUBLICATION, DISTRIBUTION, ETC. (IMPRINT)
Place of publication, distribution, etc New Delhi :
Name of publisher, distributor, etc Penguin Books India Pvt. Ltd. ,
Date of publication, distribution, etc 1993
300 ## - PHYSICAL DESCRIPTION
Extent xvi, 402 p. ;
Dimensions 22 cm.
600 1# - SUBJECT ADDED ENTRY--PERSONAL NAME
Personal name Tata, J. R. D.
650 #0 - SUBJECT ADDED ENTRY--TOPICAL TERM
Topical term or geographic name as entry element Industrialsists
Geographic subdivision India
Form subdivision Biography
852 ## - LOCATION/CALL NUMBER
Location IMU Kochi Library
904 ## - LOCAL DATA ELEMENT D, LDD (RLIN)
CATALOGER Akhil Bose
942 ## - ADDED ENTRY ELEMENTS (KOHA)
Item type Books
Holdings
Withdrawn status Lost status Source of classification or shelving scheme Damaged status Not for loan Collection code Permanent location Current location Shelving location Date acquired Source of acquisition Cost, normal purchase price Full call number Barcode Date last seen Koha item type Public note
          Non-fiction IMU Kochi Library IMU Kochi Library Fiction & General 2013-02-04 M/s Sterling Book House (Inv. No. 2041 dt. 2013-01-23) 399.00 923.3 L15 BK002206 2019-10-10 Books Shelf-19, Row-3
          Non-fiction IMU Kochi Library IMU Kochi Library Fiction & General 2013-01-31 M/s Sterling Book House (Inv. No. 2040 dt. 2013-01-23) 399.00 923.3 L15 BK000546 2019-10-10 Books Shelf-19, Row-3


Copyright © All Rights Reserved by Indian Maritime University, Kochi Campus.
For any Suggestions/Query Contact to library or Email: library.kochi@imu.ac.in Ph:(0484)-2989402
(Web OPAC Designed by Rudra Ranjan. Maintained by IMU Kochi Library)

Powered by Koha